000 00545nam a22001817a 4500
005 20231213094002.0
008 231213b ||||| |||| 00| 0 eng d
020 _a07060228x
040 _cAL
041 _aeng
082 _223
_a515.63
_bSPIS
100 _aMurray R Spiegel.
_9145597
245 _aSchaums outline of theory and problems of vector analysis
_b: an introduction to tensor analysis
260 _aMcGraw-Hill
_bNew York
_c1959
300 _a225p.
_bPB
_c27.5x20.5cm.
650 _2Mathematics
_aAnalysis
_9145598
942 _2ddc
_cBK
999 _c229481
_d229481